Estudios sobre Educación Media en Bogotá: César Enrique Sánchez Jaramillo, Consuelo Gutiérrez Chavarría.

Sábháilte in:
Sonraí bibleagrafaíochta
Príomhchruthaitheoir: Sánchez Jaramillo, César Enrique
Údar corparáideach: Instituto para la Investigación Educativa y Desarrollo Pedagógico, IDEP
Rannpháirtithe: Gutiérrez Chavarría, Consuelo
Formáid: LEABHAR
Teanga:English
Foilsithe / Cruthaithe: Bogotá: Editorial Jotamar, 2013.
Sraith:Serie Informes IDEP
Ábhair:
Rochtain ar líne:Para consultar e texto completo haga clic aquí
Clibeanna: Cuir clib leis
Níl clibeanna ann, Bí ar an gcéad duine le clib a chur leis an taifead seo!

MARC

LEADER 00000nam a22000007a 4500
003 OSt
005 20251026064429.0
008 160429b xxu||||| |||| 00| 0 eng d
020 |a 9789588780221 
040 |c CO-BoIIE 
082 |a 373.10986148  |b S66e 
100 1 |9 185  |a Sánchez Jaramillo, César Enrique 
245 1 0 |a Estudios sobre Educación Media en Bogotá:  |b César Enrique Sánchez Jaramillo, Consuelo Gutiérrez Chavarría.   |c Experiencias sobre articulación y emprendimiento escolar  |h [Recurso electrónico] 
260 |a Bogotá:  |b Editorial Jotamar,  |c 2013. 
300 |a 201 p.  |b Tablas 
490 1 0 |a Serie Informes IDEP 
504 |a Incluye bibliografía 
650 1 4 |a Educación secundaria  |z Colombia -- Bogotá  |9 2079 
650 1 4 |9 1541  |a Calidad de la educación  |z Bogotá (Colombia) 
650 1 0 |a Derecho a la educación  |z Colombia -- Bogotá  |9 2080 
650 1 0 |a Emprendimiento  |z Colombia -- Bogotá  |9 2081 
700 1 |9 186  |a Gutiérrez Chavarría, Consuelo 
710 2 |a Instituto para la Investigación Educativa y Desarrollo Pedagógico, IDEP  |9 17 
856 |u http://biblioteca.idep.edu.co/libros/Estudios_educacion_media.pdf  |y Para consultar e texto completo haga clic aquí 
942 |2 ddc  |c BK 
999 |c 4404  |d 4404